Name The 25 Players That Played Most Games With Cristiano - Statistics

General Stats
  • This quiz has been taken 50 times
  • The average score is 14 of 25
Answer Stats
Hint Answer % Correct
342 Karim Benzema
93%
222 Luka Modric
93%
339 Sergio Ramos
93%
332 Marcelo
88%
157 Gareth Bale
83%
170 Toni Kroos
83%
228 Iker Casillas
81%
165 Daniel Carvajal
71%
206 Wayne Rooney
71%
341 Pepe
67%
221 Rio Ferdinand
60%
183 Paul Scholes
55%
204 Ryan Giggs
55%
166 Angel Di Maria
52%
231 Raphael Varane
48%
180 Gonzalo Higuain
45%
167 Edwin Van Der Sar
40%
149 Mesut Ozil
38%
188 Isco
33%
174 Sami Khedira
29%
208 Xabi Alonso
24%
153 Wes Brown
21%
215 John O'Shea
19%
201 Alvaro Arbeloa
14%
155 Darren Fletcher
5%
No matching quizzes found
Score Distribution
Percent of People with Each Score
Percentile by Number Answered
Your Score History
You have not taken this quiz